000 00334nam a2200145 4500
008 190319s1992||||xo d
245 1 0 _aUcitelská psychológia
250 _a1. vydanie
260 _bSPN
_aBratislava
_c1992
300 _a374 s.
020 _a80-08-00433-9
_c0
041 1 _aslo
044 _axo
_cSK
958 _aAPR
999 _c22244
_d22244